| 000 | 00768nam a2200277Ia 4500 | ||
|---|---|---|---|
| 001 | 711 | ||
| 005 | 20240113233426.0 | ||
| 007 | ta | ||
| 008 | 050124s1929 a g b000 u eng u | ||
| 020 | _cHB | ||
| 040 | _aCotton College,Assam | ||
| 041 | _aeng | ||
| 082 |
_a954.023 _bBh 469 Hi |
||
| 100 | _aBhattacharyya, Sudindra Nath . | ||
| 245 | 0 |
_aHistory of Mugal North-East Frontier Policy / _cSudhindra Nath Bhattacharyya. _hTextual Documents |
|
| 250 | _a1st ed. / | ||
| 260 |
_aCalcutta : _bChuckervertty, Chatterjee , _c1929. |
||
| 300 |
_a433p. : _bill ; _c22cm . |
||
| 653 | _aHistory-Mughal | ||
| 653 | _aIndian History | ||
| 653 | _aHistory-India | ||
| 653 | _aRare-History | ||
| 942 |
_2ddc _cBK |
||
| 999 |
_c709 _d709 |
||